The digital person : technology and privacy in the information age
Αποθηκεύτηκε σε:
| Κύριος συγγραφέας: | |
|---|---|
| Μορφή: | Βιβλίο |
| Γλώσσα: | English |
| Δημοσίευση: |
New York :
New York University Press,
c2004
|
| Σειρά: | Ex machina
|
| Θέματα: | |
| Ετικέτες: |
Προσθήκη ετικέτας
Δεν υπάρχουν, Καταχωρήστε ετικέτα πρώτοι!
|
MARC
| LEADER | 00000nam a2200000 i 4500 | ||
|---|---|---|---|
| 001 | 1/53323 | ||
| 008 | 070830s2004 eng d | ||
| 020 | |a 0-8147-4037-5 (cloth: alk. paper) | ||
| 020 | |a 0-8147-9846-2 | ||
| 035 | |l 10090255 | ||
| 040 | |a GR-MY-UA |b gre |e aacr | ||
| 041 | 0 | |a eng | |
| 082 | 0 | |a 342.730858 |2 (22) | |
| 100 | 1 | |a Solove, Daniel J. |d 1972- | |
| 245 | 1 | 4 | |a The digital person : |b technology and privacy in the information age / |c Daniel J. Solove |
| 260 | |a New York : |b New York University Press, |c c2004 | ||
| 300 | |a xii, 283 σ.; |c 24 εκ. | ||
| 490 | 1 | |a Ex machina | |
| 504 | |a Βιβλιογραφία: σ. 229-265. Ευρετήριο | ||
| 650 | 0 | 0 | |a Privacy, Right of |z United States. |
| 650 | 0 | 0 | |a Government information |z United States. |
| 650 | 0 | 0 | |a Data protection |x Law and legislation |z United States. |
| 650 | 0 | 0 | |a Public records |x Law and legislation |z United States. |
| 650 | 0 | 0 | |a Electronic records |x Access control |z United states. |
| 830 | 0 | |a Ex machina | |
| 852 | |a INST |b SAMOS |e 20070830 |h 342.730858 SOL |p 005300028378 |q 005300028378 |t BK |y 0 | ||
| 852 | |a INST |b SYROS |e 20080401 |h 349.73 SOL |p 005500006215 |q 005500006215 |t BK |y 0 | ||
| 901 | |a BIBL3-2007-2 | ||
| 901 | |a BIBL5-2008-1 | ||
| 909 | |a Σ |b 137311 | ||
| 909 | |a Ε |b 144760 | ||
| 922 | |a 3ΕΛΗ |b 200707 |c ΕΠΕΑΕΚ2/ΤΜΠΕΣ |d ΕΛΕΥΘΕΡΟΥΔΑΚΗΣ | ||
| 922 | |a 5ΕΛΗ |b 200801 |c ΕΠΕΑΕΚ2/ΤΜΣΠΣ |d ΕΛΕΥΘΕΡΟΥΔΑΚΗΣ | ||
| 970 | |a ΣΙΤΖΙΜΗ |b ΓΙΑΣΕΜΗ |z 2007/08/30 | ||